000 00334nam a2200145Ia 4500
008 230718s9999 xx 000 0 und d
041 _aEng.
082 _a3012723
_bSAR-C
100 _aSarwar. Muhammad
245 0 _aCompatitive Government
260 _aPakistan
_bIlmi Kitab
_c2016
300 _a536
650 _aLaw
999 _c30920
_d30920